000 00811nam a2200289 a 4500
001 000108195
003 CHAP
005 20220329144002.0
008 131217s2012 flu |r| ||1|||eng d
010 _a104657
011 _a105629
020 _a9781439816097
040 _cCHAP
082 0 4 _a631.422
_bJ76 2012
100 0 0 _aJones, J. Benton, Jr.
_962025
245 1 0 _aPlant nutrition soil fertility manual /
_cpor J. Benton Jones, Jr.
250 _a2 ed.
260 _aBoca Raton, Fl. :
_bCRC Press,
_c2012.
300 _axxi,282 p.
590 _aE11695DGD
_b10
_c20131218
_lUCH01
_h1402
590 _aE5765TAJ
_b05
_c20131217
_lUCH01
_h1112
650 1 4 _aPlantas
_xNutrición
_vManuales.
_9125104
650 1 4 _aSuelos
_xFertilidad
_vManuales.
_9125105
901 _aBK
942 _cLIBRO
942 _n0
999 _c104657
_d104657